书目信息 |
| 题名: |
名犬鉴赏
|
|
| 作者: | 韦旭斌 编 | |
| 分册: | ||
| 出版信息: | 长春 吉林科学技术出版社 |
|
| 页数: | 308页 | |
| 开本: | 32开 | |
| 丛书名: | ||
| 单 册: | ||
| 中图分类: | S892.2 | |
| 科图分类: | ||
| 主题词: | 养蜂 , 益虫--饲养 | |
| 电子资源: | ||
| ISBN: | 7-5384-1119-4 | |
| 000 | 00549nam0 2200205 45 | |
| 001 | 0006191742 | |
| 005 | 20000619172516.5 | |
| 010 | @a7-5384-1119-4@d35.00元 | |
| 100 | @a20000619d km y0chiy0120 ea | |
| 101 | 0 | @achi |
| 105 | @a z 000yy | |
| 200 | 1 | @a名犬鉴赏@AMing Quan Jian Shang@f韦旭斌等编@FWei Xu Bin Deng Bian |
| 210 | @a长春@c吉林科学技术出版社 | |
| 215 | @a308页@d32开 | |
| 606 | 0 | @a养蜂 |
| 606 | 0 | @a益虫@x饲养 |
| 690 | @aS892.2@v3 | |
| 701 | 0 | @a韦旭斌@4编 |
| 801 | @aCN@bPftUser@c20000619 | |
| 905 | @b208210@dS892.2@eW074@f1 | |
| 名犬鉴赏/韦旭斌等编.-长春:吉林科学技术出版社 |
| 308页;32开 |
| ISBN 7-5384-1119-4:35.00元 |
| ● |
| 相关链接 |
|
|
|
正题名:名犬鉴赏
索取号:S892.2/W074
 
预约/预借
| 序号 | 登录号 | 条形码 | 馆藏地/架位号 | 状态 | 备注 |
| 1 | 208210 | 202082101 | 自科库401/ [索取号:S892.2/W074] | 在馆 |